| 000 | 00672nam a2200229 a 4500 | ||
|---|---|---|---|
| 999 |
_c1578 _d1578 |
||
| 001 | 1578 | ||
| 003 | BD-JhCC | ||
| 005 | 20190708134006.0 | ||
| 008 | 171022s2007 bg |||| ||a| 000 0 ben d | ||
| 020 | _a9848683453 | ||
| 035 | _a(BD-JhCC)1578 | ||
| 040 |
_aBD-JhCC _dBD-JhCC |
||
| 041 | _aben | ||
| 082 |
_a891.443 _bAHM 2007 |
||
| 100 | _aআহমেদ, হুমায়ূন | ||
| 245 |
_aলীলাবতি / _cহুমায়ূন আহমেদ |
||
| 260 |
_aঢাকা : _bঅন্যপ্রকাশ প্রকাশনী, _c২০০৭. |
||
| 300 |
_a240 p. : _c22 cm. |
||
| 650 | _aBengali Novel | ||
| 942 |
_2ddc _cBK _02 |
||